Reglamento de la Academia Española de Bellas Artes en Roma. (Record n. 30217)
[ formato base ]
| 000 -LEADER | |
|---|---|
| fixed length control field | 00682nam a2200205 i 4500 |
| 003 - CONTROL NUMBER IDENTIFIER | |
| control field | IT-RoINE |
| 005 - DATE AND TIME OF LATEST TRANSACTION | |
| control field | 20190502055628.0 |
| 008 - FIXED-LENGTH DATA ELEMENTS--GENERAL INFORMATION | |
| fixed length control field | 960922s1913 sp r | spa d |
| 040 ## - CATALOGING SOURCE | |
| Original cataloging agency | IT-RoINE |
| 245 10 - TITLE STATEMENT | |
| Title | Reglamento de la Academia Española de Bellas Artes en Roma. |
| 260 ## - PUBLICATION, DISTRIBUTION, ETC. (IMPRINT) | |
| Place of publication, distribution, etc | Madrid : |
| Name of publisher, distributor, etc | Imprenta de Ministerio de Estado, |
| Date of publication, distribution, etc | 1913. |
| 300 ## - PHYSICAL DESCRIPTION | |
| Extent | 42 p. ; |
| Dimensions | 23 cm. |
| 336 ## - CONTENT TYPE | |
| Source | rdacontent |
| Content type term | text |
| 337 ## - MEDIA TYPE | |
| Source | rdamedia |
| Media type term | unmediated |
| 338 ## - CARRIER TYPE | |
| Source | rdacarrier |
| Carrier type term | volume |
| 500 ## - GENERAL NOTE | |
| General note | Precede al tít.: Ministerio de Estado. |
| 610 24 - SUBJECT ADDED ENTRY--CORPORATE NAME | |
| Corporate name or jurisdiction name as entry element | Academia Española de Bellas Artes en Roma (Italia) |
| Form subdivision | Reglamentos |
| 9 (RLIN) | 59236 |
| 710 1# - ADDED ENTRY--CORPORATE NAME | |
| 9 (RLIN) | 16127 |
| Corporate name or jurisdiction name as entry element | España. |
| Subordinate unit | Ministerio de Estado |
| 942 ## - ADDED ENTRY ELEMENTS (KOHA) | |
| Item type | Monografías |
| Withdrawn status | Lost status | Damaged status | Not for loan | Home library | Current library | Date acquired | Total Checkouts | Full call number | Barcode | Date last seen | Price effective from | Koha item type |
|---|---|---|---|---|---|---|---|---|---|---|---|---|
| Iglesia Nacional Española en Roma | Iglesia Nacional Española en Roma | 02/05/2019 | HIS.ESP.0. 812.17 | 56220 | 02/05/2019 | 02/05/2019 | Monografías |